000 01215nas a2200337 i 4500
001 180726
003 ES-MaACL
005 20250618142926.0
008 120705c2005 sp qryp 0 b|spa d
022 _a1699-3411
080 _a027
245 0 0 _aMi biblioteca :
_bla revista del mundo bibliotecario.
260 _aMálaga :
_bFundación Alonso Quijano,
_c[2005-]
300 _a7 v. :
_bil. col. y n. ;
_c30 cm.
310 _aTrimestral
362 0 _aAño 1, n. 1 (abril 2005)-
500 _aTít. tomado de cub.
530 _aDisponible en formato digital.
594 _aDirector, Raúl Cremades García.
650 4 _aBibliotecas.
_9188814
655 7 _2tgfbne
_9226866
_aRevistas
700 1 _aCremades, Raúl,
_d1966-
_9150842
710 2 _aFundación Alonso Quijano.
_9150841
852 4 _aES-MaACL
_jHEM-2107
_9187643
_cHEM
856 4 _32005-2013
_uhttps://gredos.usal.es/handle/10366/143162
_zRepositorio Gredos de la Universidad de Salamanca
856 4 _uhttps://dialnet.unirioja.es/servlet/revista?codigo=6521
_ySumarios de la revista en Dialnet
866 0 _o2005-2013.
942 _2udc
_cPERIODICA
999 _c180726
_d180726